000 00715 a2200217 4500
999 _c11098
_d11098
020 _a0723420734
050 _aQM961
_bBAR 1996
100 _aBaraitser,Michael
_eauthor
245 _aColor atlas of congenital malformation syndromes /
_cMichael Baraitser and Robin, M Winter
264 _a London :
_bMosby-Wolfe,
_cc.1996
300 _a233 pages
_billustrations
336 _2rdacontent
_atext
_btxt
337 _2rdamedia
_aunmediated
_bn
338 _2rdacarrier
_avolume
_bnc
500 _aincludes index and bibliographic references
650 _acongenital defects
650 _aAbnormalities, Human Atlases
650 _aAbnormalities, Human
700 _aWinter, Robin M
942 _2lcc
_cBK
_h691
_iBAR
_kQM